Movies Quiz

Random Movies or Disney Quiz
Score 0/259 Timer 20:00
0 Plays Today
% Correct
Jim Cummings
70.1%
Jim Cummings
70.1%
Jim Cummings
70.1%
Jim Cummings
70.1%
Jim Cummings
70.1%
Jim Cummings
70.1%
Jim Cummings
70.1%
Jim Cummings
70.1%
Jim Cummings
70.1%
Jim Cummings
70.1%
Christopher Lloyd
68.7%
Jonathan Freeman
68.7%
Frank Welker
67.2%
Gilbert Gottfried
67.2%
Frank Welker
67.2%
Frank Welker
67.2%
Gilbert Gottfried
67.2%
Frank Welker
67.2%
Frank Welker
67.2%
Frank Welker
67.2%
Jason Alexander
62.7%
Tim Curry
62.7%
Jason Alexander
62.7%
Jason Alexander
62.7%
Robin Williams
61.2%
Jerry Orbach
59.7%
Jerry Orbach
59.7%
Scott Weinger
56.7%
Scott Weinger
56.7%
Linda Larkin
55.2%
Jodi Benson
55.2%
Linda Larkin
55.2%
James Earl Jones
55.2%
Jodi Benson
55.2%
Jodi Benson
55.2%
Alan Young
53.7%
Robby Benson
53.7%
David Ogden Stiers
53.7%
Angela Lansbury
53.7%
David Ogden Stiers
53.7%
Matthew Broderick
53.7%
Matthew Broderick
53.7%
David Ogden Stiers
53.7%
Nicky Jones
53.7%
Nathan Lane
52.2%
Jeff Bennett
52.2%
Jeff Bennett
52.2%
Jeff Bennett
52.2%
Nathan Lane
52.2%
Jeff Bennett
52.2%
Jeff Bennett
52.2%
Tony Jay
50.7%
Patrick Warburton
50.7%
Bill Farmer
49.3%
John Rhys-Davies
49.3%
Paige O'Hara
49.3%
Donal Gibson
49.3%
Demi Moore
49.3%
John Goodman
49.3%
John Rhys-Davies
49.3%
Bill Farmer
49.3%
Soon-Tek Oh
49.3%
Sandra Oh
49.3%
David Spade
49.3%
John Goodman
49.3%
Eartha Kitt
49.3%
Mandy Moore
49.3%
Russi Taylor
47.8%
Rip Taylor
47.8%
John Fiedler
47.8%
Brad Kane
47.8%
John Fiedler
47.8%
Brad Kane
47.8%
Russi Taylor
47.8%
Holland Taylor
47.8%
John Fiedler
47.8%
Russi Taylor
47.8%
John Fiedler
47.8%
John Fiedler
47.8%
Catherine O'Hara
47.8%
Terence McGovern
46.3%
Andy Dick
46.3%
Susanne Blakeslee
46.3%
Susanne Blakeslee
46.3%
Kenneth Mars
44.8%
Irene Bedard
44.8%
Judy Kuhn
44.8%
% Correct
Corey Burton
44.8%
Corey Burton
44.8%
Pat Carroll
43.3%
Ernie Sabella
43.3%
Phil Collins
43.3%
Ernie Sabella
43.3%
Paul Winchell
41.8%
Haley Joel Osment
41.8%
Moira Kelly
41.8%
Jennifer Hale
41.8%
Haley Joel Osment
41.8%
Haley Joel Osment
41.8%
Bernadette Peters
41.8%
Moira Kelly
41.8%
Whoopi Goldberg
41.8%
Cheech Marin
41.8%
June Foray
40.3%
Jason Marsden
40.3%
Jason Marsden
40.3%
Jennifer Love Hewitt
40.3%
June Foray
40.3%
George Carlin
40.3%
Wallace Shawn
38.8%
Samuel E. Wright
38.8%
Kevin Kline
38.8%
Estella Harris
38.8%
Jason Scott Lee
38.8%
Wendie Malick
38.8%
Wendy Malick
38.8%
Rob Paulson
37.3%
Rob Paulson
37.3%
Russel Means
37.3%
Lacey Chabert
37.3%
Christopher Daniel Barnes
37.3%
Rob Paulson
37.3%
Tom Hulce
37.3%
Maurice LaMarche
37.3%
Maurice LaMarche
37.3%
Rob Paulson
37.3%
Ming-Na Wen
37.3%
B.D. Wong
37.3%
Brad Garrett
37.3%
Rick Moranis
37.3%
Dave Thomas
37.3%
Mickey Rooney
35.8%
Mark Moseley
35.8%
Chris Sanders
35.8%
Patrick Stewart
35.8%
Patrick Dempsey
35.8%
Dan Castellaneta
34.3%
Tara Strong
34.3%
Liz Callaway
34.3%
Liz Callaway
34.3%
Paul Reubens
34.3%
Billy Zane
34.3%
Liz Callaway
34.3%
Michael McKean
34.3%
Martin Short
34.3%
Jerry Stiller
34.3%
Wayne Allwine
34.3%
Ron Perlman
34.3%
Dakota Fanning
34.3%
Buddy Hackett
32.8%
Peter Cullen
32.8%
Peter Cullen
32.8%
Neve Campbell
32.8%
Peter Cullen
32.8%
Tony Anselmo
32.8%
Pat Morita
32.8%
Peter Cullen
32.8%
Wanda Sykes
32.8%
Michael Clarke Duncan
32.8%
Kellie Martin
31.3%
Bradley Pierce
31.3%
George Takei
31.3%
Glen Close
31.3%
Kevin McDonald
31.3%
Andrea Martin
31.3%
Kath Soucie
29.9%
Clancy Brown
29.9%
John Hurt
29.9%
Cam Clarke
29.9%
Cam Clarke
29.9%
Kath Soucie
29.9%
Kath Soucie
29.9%
Spencer Breslin
29.9%
Tress MacNeille
29.9%
% Correct
Charles Kimbrough
29.9%
Kath Soucie
29.9%
Mae Whitman
29.9%
Kath Soucie
29.9%
Robert Guillaume
29.9%
Tress MacNeille
29.9%
Kath Soucie
29.9%
Tia Carrere
29.9%
Joan Gerber
28.4%
Chuck McCann
28.4%
Robert Guillaume
28.4%
Richard Libertini
26.9%
Ken Samson
26.9%
Ken Samson
26.9%
David Warner
26.9%
Suzanne Pleshette
26.9%
Scott Wolf
26.9%
Roger Bart
26.9%
Alyssa Milano
26.9%
Susan Egan
26.9%
Barry Bostwick
26.9%
Ken Samson
26.9%
Ken Samson
26.9%
Liliana Mumy
26.9%
Tom Attenborough
25.4%
CCH Pounder
25.4%
Bill Fagerbakke
25.4%
Blayne Weaver
25.4%
Michael Lerner
25.4%
Bob Joles
25.4%
Gedde Watanabe
25.4%
Jerry Tondo
25.4%
Lance Henriksen
25.4%
Bob Bergen
25.4%
Alexander Gould
25.4%
Kieth Ferguson
25.4%
Kevin Lima
23.9%
Nikita Hopkins
23.9%
Andre Stojka
23.9%
Andre Stojka
23.9%
Debi Derryberry
23.9%
Cathy Moriarty
23.9%
Bronson Pinchot
23.9%
Andre Stojka
23.9%
Connor Funk
23.9%
Andre Stojka
23.9%
Nikita Hopkins
23.9%
Julie Kavner
23.9%
Lucy Lui
23.9%
Harvey Feirstein
23.9%
Nikita Hopkins
23.9%
Harrison Chad
23.9%
Harrison Fahn
23.9%
Cree Summer
23.9%
Stephen Furst
22.4%
Harriet Owen
22.4%
Jane Withers
22.4%
Samuel West
22.4%
Brenda Grate
22.4%
Tracey Ullman
22.4%
John Mahoney
22.4%
Andrea Bowen
22.4%
Max Casella
20.9%
Brady Bluhm
20.9%
Chazz Palminteri
20.9%
Quin Beswick
20.9%
Aaron Spann
20.9%
Clive Revill
20.9%
Bobby Lockwood
20.9%
Mary Macleod
20.9%
Tim Bentinck
20.9%
Tom Wheatley
20.9%
Brendon Baerg
20.9%
Brian Pimental
20.9%
Jeremy Suarez
20.9%
Kathy Najimy
20.9%
Paul Kendal
19.4%
Ariel Winter
19.4%
Kyle Stanger
17.9%
Brenda Blethyn
17.9%
Kunewa Mook
17.9%
Anthony Ghannam
17.9%
Lauren
16.4%
Jillian Henry
16.4%
Holliston Coleman
14.9%

You're not logged in!

Compare scores with friends on all Sporcle quizzes.
OR
Log In

Sporcle TV

Today on Sporcle TV


Watch our educational content, quiz creation guides, and fun videos on Sporcle TV.

Show Comments

Extras

Top Quizzes Today


Score Distribution

Paid Content

Your Account Isn't Verified!

In order to create a playlist on Sporcle, you need to verify the email address you used during registration. Go to your Sporcle Settings to finish the process.

Report this User

Report this user for behavior that violates our Community Guidelines.

Details: